| 000 | 00619nam a2200193 a 4500 | ||
|---|---|---|---|
| 005 | 20220908193858.0 | ||
| 008 | 080122s2005 mx r 000 0 spa d | ||
| 020 | _a9583019593 | ||
| 035 | _aUPN01000153863 | ||
| 049 | _aCG | ||
| 050 | 4 |
_aPQ8179 G6.7 _bZ8.3 |
|
| 100 | 1 | _aZuluaga Osorio, Conrado | |
| 245 | 1 | 0 |
_aGabriel García Márquez : _bel vicio incurable de contar / _cConrado Zuluaga. |
| 260 |
_aBogotá : _bPanamericana, _c2005. |
||
| 300 |
_a132 p. : _bil. |
||
| 440 | 0 | _a100 Personajes : 100 autores | |
| 600 | 1 | 0 |
_aGarcía Márquez, Gabriel, _d1928-2014 - _xCrítica e interpretación _915304 |
| 905 | _aLibro | ||
| 999 |
_c125984 _d125984 |
||